| Tag |
First Indicator |
Second Indicator |
Subfields |
| LEADER |
00000cam a2200000 a 4500 |
| 001 |
in00003876813 |
| 005 |
20190415192540.0 |
| 006 |
m o d |
| 007 |
cr |n||||||||n |
| 008 |
820709s1800 xxu|||| o 00| | eng c |
| 035 |
|
|
|a (CU-RivES)W18034
|
| 035 |
|
|
|a (Uk-ES)006435857
|
| 035 |
|
|
|a (OCoLC)511040704
|
| 040 |
|
|
|a MWA
|c MWA
|d CU-RivES
|d CStRLIN
|d Cengage Gale
|d UtOrBLW
|
| 050 |
|
4 |
|a Z1215
|b .A537 1800
|
| 100 |
1 |
|
|a Andrews, Benajah,
|d approximately 1760-1805.
|0 http://id.loc.gov/authorities/names/n83179165
|
| 245 |
1 |
2 |
|a A narrative of Mrs. Elizabeth Andrews :
|b containing an account of her conversion, sickness & death; written by her surviving consort Benajah Andrews, and published at the particular request of a number of her connections and friends.
|
| 264 |
|
3 |
|a Stockbridge [Mass.] :
|b Printed by Heman Willard, at the office of Horatio Jones and Co,
|c 1800.
|
| 300 |
|
|
|a 1 online resource (40 pages)
|
| 336 |
|
|
|a text
|b txt
|2 rdacontent
|
| 337 |
|
|
|a computer
|b c
|2 rdamedia
|
| 338 |
|
|
|a online resource
|b cr
|2 rdacarrier
|
| 509 |
|
|
|a Signatures: A-C⁶ D²
|
| 510 |
4 |
|
|a Evans,
|c 36837
|
| 510 |
4 |
|
|a English Short Title Catalog,
|c W18034.
|
| 500 |
|
|
|a Reproduction of original from Library of Congress.
|
| 500 |
|
|
|a Electronic resource.
|
| 600 |
1 |
0 |
|a Andrews, Elizabeth,
|d 1767-1794.
|0 http://id.loc.gov/authorities/names/n00074127
|
| 655 |
|
7 |
|a Electronic books.
|2 local
|
| 700 |
1 |
|
|a Willard, Heman,
|d 1775-1826,
|e printer.
|0 http://id.loc.gov/authorities/names/nr89006752
|
| 700 |
1 |
|
|a Jones, Horatio,
|d 1769-1813,
|e printer.
|0 http://id.loc.gov/authorities/names/n87926538
|
| 710 |
2 |
|
|a Gale (Firm)
|0 http://id.loc.gov/authorities/names/no2008071348
|
| 752 |
|
|
|a United States
|b Massachusetts
|d Stockbridge.
|
| 856 |
4 |
0 |
|u http://proxy.library.tamu.edu/login?url=http://find.galegroup.com/ecco/infomark.do?contentSet=ECCOArticles&docType=ECCOArticles&bookId=1337901100&type=getFullCitation&tabID=T001&prodId=ECCO&docLevel=TEXT_GRAPHICS&version=1.0&source=library&userGroupName=txshracd2898
|z Connect to the full text of this electronic book
|t 0
|
| 999 |
f |
f |
|s 5e14f9f9-0eff-3072-94ab-75fd0a19174a
|i cfad416a-7f15-3559-ad30-d304db28f6b4
|t 0
|
| 952 |
f |
f |
|a Texas A&M University
|b College Station
|c Electronic Resources
|d Available Online
|t 0
|e Z1215 .A537 1800
|h Library of Congress classification
|
| 998 |
f |
f |
|a Z1215 .A537 1800
|t 0
|l Available Online
|